Theory and practici of histological techniques (Record no. 104)
[ view plain ]
| 000 -LEADER | |
|---|---|
| fixed length control field | 00620nam a22002057a 4500 |
| 003 - CONTROL NUMBER IDENTIFIER | |
| control field | OSt |
| 005 - DATE AND TIME OF LATEST TRANSACTION | |
| control field | 20160518140844.0 |
| 008 - FIXED-LENGTH DATA ELEMENTS--GENERAL INFORMATION | |
| fixed length control field | 140701b xxu||||| |||| 00| 0 eng d |
| 022 ## - INTERNATIONAL STANDARD SERIAL NUMBER | |
| International Standard Serial Number | 9780443102790 |
| 040 ## - CATALOGING SOURCE | |
| Transcribing agency | DNLM |
| 082 ## - DEWEY DECIMAL CLASSIFICATION NUMBER | |
| Classification number | QS520 T343c 2008 |
| 245 ## - TITLE STATEMENT | |
| Title | Theory and practici of histological techniques |
| 250 ## - EDITION STATEMENT | |
| Edition statement | 6th ed |
| 260 ## - PUBLICATION, DISTRIBUTION, ETC. (IMPRINT) | |
| Place of publication, distribution, etc. | British |
| Name of publisher, distributor, etc. | Churchill Livingstone Elsevier |
| Date of publication, distribution, etc. | 2008 |
| 300 ## - PHYSICAL DESCRIPTION | |
| Extent | xv,725p; |
| Other physical details | col:ll |
| Dimensions | 24cm |
| 504 ## - BIBLIOGRAPHY, ETC. NOTE | |
| Bibliography, etc | includes references,appendices and subject index |
| 600 ## - SUBJECT ADDED ENTRY--PERSONAL NAME | |
| Personal name | Banceroft, John D. |
| 9 (RLIN) | 291 |
| 630 ## - SUBJECT ADDED ENTRY--UNIFORM TITLE | |
| Uniform title | Theary and practice of histological techniques |
| 9 (RLIN) | 292 |
| 942 ## - ADDED ENTRY ELEMENTS (KOHA) | |
| Source of classification or shelving scheme | Other/Generic Classification Scheme |
| Koha item type | Open Shelf |
| Withdrawn status | Lost status | Source of classification or shelving scheme | Damaged status | Not for loan | Home library | Current library | Date acquired | Source of acquisition | Inventory number | Total Checkouts | Full call number | Barcode | Date last seen | Price effective from | Koha item type |
|---|---|---|---|---|---|---|---|---|---|---|---|---|---|---|---|
| Other/Generic Classification Scheme | MUST Main Library | MUST Main Library | 18/05/2016 | 13/37158 | QS520 T343c 2008 | 2016-2003 | 18/05/2016 | 18/05/2016 | Open Shelf |
